OWCS | EWC 2025 - Statistics

General Stats
  • This quiz has been taken 2 times
  • The average score is 84 of 100
Answer Stats
Role Answer % Correct
960px-Damage_icon.svg.png Ade
100%
960px-Support_icon.svg.png Admiral
100%
250px-Tank_icon.svg.png?_=20190921150350 BILIDENG
100%
960px-Support_icon.svg.png CH0R0NG
100%
960px-Damage_icon.svg.png Checkmate
100%
960px-Support_icon.svg.png ChiYo
100%
960px-Damage_icon.svg.png Colourhex
100%
250px-Tank_icon.svg.png?_=20190921150350 cuFFa
100%
250px-Tank_icon.svg.png?_=20190921150350 D0NGHAK
100%
250px-Tank_icon.svg.png?_=20190921150350 eisgnom
100%
960px-Support_icon.svg.png Fielder
100%
960px-Support_icon.svg.png FiXa
100%
960px-Support_icon.svg.png FunnyAstro
100%
960px-Support_icon.svg.png Galaa
100%
250px-Tank_icon.svg.png?_=20190921150350 guxue
100%
960px-Support_icon.svg.png Haku
100%
250px-Tank_icon.svg.png?_=20190921150350 Hanbin
100%
960px-Damage_icon.svg.png HeeSang
100%
250px-Tank_icon.svg.png?_=20190921150350 Infekted
100%
250px-Tank_icon.svg.png?_=20190921150350 Jasm1ne
100%
250px-Tank_icon.svg.png?_=20190921150350 Junbin
100%
960px-Damage_icon.svg.png Kaneki
100%
960px-Support_icon.svg.png Kellex
100%
960px-Damage_icon.svg.png knife
100%
960px-Damage_icon.svg.png Kronik
100%
250px-Tank_icon.svg.png?_=20190921150350 KSAA
100%
250px-Tank_icon.svg.png?_=20190921150350 KSG
100%
960px-Support_icon.svg.png Landon
100%
960px-Damage_icon.svg.png LBBD7
100%
960px-Support_icon.svg.png LeeSooMin
100%
960px-Support_icon.svg.png Lep
100%
960px-Damage_icon.svg.png Lethal
100%
250px-Tank_icon.svg.png?_=20190921150350 LiGe
100%
960px-Damage_icon.svg.png LIP
100%
960px-Support_icon.svg.png Lukemino
100%
960px-Support_icon.svg.png MAKA
100%
250px-Tank_icon.svg.png?_=20190921150350 MAX
100%
250px-Tank_icon.svg.png?_=20190921150350 Mealgaru
100%
960px-Support_icon.svg.png Mew
100%
960px-Damage_icon.svg.png Nico
100%
250px-Tank_icon.svg.png?_=20190921150350 Painkiller
100%
960px-Damage_icon.svg.png Pineapple
100%
960px-Damage_icon.svg.png Proper
100%
960px-Damage_icon.svg.png Proud
100%
250px-Tank_icon.svg.png?_=20190921150350 Punk
100%
960px-Damage_icon.svg.png qki
100%
960px-Support_icon.svg.png Qloud
100%
960px-Damage_icon.svg.png Quartz
100%
960px-Support_icon.svg.png Rakattack
100%
250px-Tank_icon.svg.png?_=20190921150350 RhynO
100%
960px-Damage_icon.svg.png Rokit
100%
960px-Support_icon.svg.png Rupal
100%
960px-Damage_icon.svg.png Seicoe
100%
960px-Support_icon.svg.png Shu
100%
960px-Support_icon.svg.png Simple
100%
960px-Support_icon.svg.png skewed
100%
960px-Support_icon.svg.png Sley
100%
250px-Tank_icon.svg.png?_=20190921150350 SOMEONE
100%
960px-Damage_icon.svg.png Stalk3r
100%
960px-Damage_icon.svg.png TOPDRAGON
100%
960px-Damage_icon.svg.png TR33
100%
250px-Tank_icon.svg.png?_=20190921150350 TVNT
100%
960px-Support_icon.svg.png UltraViolet
100%
960px-Support_icon.svg.png Vega
100%
250px-Tank_icon.svg.png?_=20190921150350 Vestola
100%
960px-Support_icon.svg.png vigilante
100%
960px-Damage_icon.svg.png Viper
100%
960px-Damage_icon.svg.png WMaimone
100%
960px-Damage_icon.svg.png Youbi
100%
960px-Damage_icon.svg.png zeruhh
100%
960px-Damage_icon.svg.png ZEST
100%
250px-Tank_icon.svg.png?_=20190921150350 ZIYAD
100%
960px-Support_icon.svg.png Ackyyy
50%
960px-Damage_icon.svg.png Apr1ta
50%
250px-Tank_icon.svg.png?_=20190921150350 Belosrea
50%
960px-Support_icon.svg.png chamomile
50%
960px-Damage_icon.svg.png Diya
50%
960px-Support_icon.svg.png Farway2025
50%
250px-Tank_icon.svg.png?_=20190921150350 GA9A
50%
960px-Damage_icon.svg.png JaeWoo
50%
960px-Support_icon.svg.png JinMu
50%
960px-Damage_icon.svg.png Leave
50%
960px-Support_icon.svg.png Lengsa
50%
960px-Damage_icon.svg.png Lightt
50%
960px-Damage_icon.svg.png Love
50%
960px-Damage_icon.svg.png MER1T
50%
960px-Support_icon.svg.png Mimoza
50%
960px-Support_icon.svg.png Mmonk
50%
960px-Damage_icon.svg.png Nyang
50%
960px-Damage_icon.svg.png SeonJun
50%
960px-Damage_icon.svg.png sHockWave
50%
960px-Damage_icon.svg.png shy
50%
960px-Damage_icon.svg.png Taejong
50%
960px-Support_icon.svg.png Unkn0w
50%
960px-Damage_icon.svg.png WilmaFistFit
50%
960px-Support_icon.svg.png Abbs
0%
250px-Tank_icon.svg.png?_=20190921150350 Kani
0%
960px-Support_icon.svg.png Poke
0%
960px-Support_icon.svg.png StillKIWI
0%
960px-Damage_icon.svg.png tunder
0%
No matching quizzes found
Score Distribution
Percent of People with Each Score
Percentile by Number Answered
Your Score History
You have not taken this quiz